1421 1755 1830 1151 1653 1643 1119 1305 1698 1418 1108 1202 1008 1257 1190 1034 1852 1593 1284 1449 1905 1525 1589 1278 1755 1947 1257 1010 1834 1834 1555 1636 1656 1087 1974 1878 1628 1903 1232 1503 1878 1850 1599 1401 1128 1456 1101 1089 1320 1698 1714 1172 1978 1559 1257 1196 1512 1270 1907 1543 1905 1719 1091 1764 1986 1706 1036 1040 1953 1223 1661 1344 1466 1284 1285 1408 1827 1196 1935 1329 1422 1618 1913 1473 1257 1075 1117 1091 1034 1957 1204 1509 1492 1949 1665 1346 1313 1547 1623 BCNSPRNW ULIB Ver.6.0+V

เปลี่ยนเป็นภาษาไทย

Change to English
 แสดงรายละเอียดบรรณานุกรม
  กลับหน้าหลัก

Brief Record : Get Marc (ISO 2709) : E-mail record : QR code < ปิดหน้าต่าง
LEADER : 00000nam 2200000uu 4500
001    13399113559
003     ULIB
008    111128s2552||||th 000 0 tha d
020    ^a9786160600335
090    ^aนว.^bจ757I 2552
100 0  ^aเจ้าปลาน้อย
245 00 ^aสะกดรักผูกหัวใจยัยตัวดี/^cI Love You, Jinny
250    ^aพิมพ์ครั้งที่ 1
260    ^aกรุงเทพฯ :^bแจ่มใส,^c2552
300    ^a210 หน้า
710 1  ^aแจ่มใส
945    ^p159^l0^i16304
995    ^aกัณชพร
999    ^aใช้งานได้ทุกระบบ
รายการนี้ยังไม่มีแท็ก
คุณยังไม่ได้ล็อกอิน คุณสามารถมีกิจกรรมร่วมกับเว็บไซต์ได้ แต่ต้องล็อกอินก่อน ::
  ล็อกอิน

รายการสื่อสารสนเทศ

ลำดับที่ ประเภท เลขเรียก/บาร์โค้ด สถานที่ สถานะ
1. นวนิยาย
นวนิยาย
นว. จ757I 2552  
  Barcode: 16304
ห้องสมุดวิทยาเขตสวรรค์ประชารักษ์
►นวนิยาย
บนชั้น
  ขอยืม

รายการใกล้เคียง
    ผู้แต่ง [เจ้าปลาน้อย]

BibComment


ยังไม่เคยถูกคอมเมนท์

คอมเมนท์ทรัพยากรรายการนี้
  คอมเมนท์: สะกดรักผูกหัวใจย..


 Copyright 2026. Bcnsprnw @Library